All Ari Lennox Songs - Statistics

General Stats
  • This quiz has been taken 39 times
    27 since last reset
  • The average score is 25 of 72
Answer Stats
Album Song % Correct
Shea Butter Baby Shea Butter Baby
89%
Shea Butter Bab BMO
78%
Shea Butter Baby Chicago Boy
78%
age/sex/location Hoodie
78%
Single #9 Pressure
72%
age/sex/location Pressure
72%
Shea Butter Baby New Apartment
67%
Shea Butter Baby Facetime
61%
Shea Butter Baby I Been
61%
Shea Butter Baby Static
61%
Shea Butter Baby Whipped Cream
61%
age/sex/location Boy Bye
56%
Shea Butter Baby Broke
56%
age/sex/location POF
56%
Away Message Queen Space
56%
age/sex/location Stop By
56%
age/sex/location Waste My Time
56%
age/sex/location A/S/L (Interlude)
50%
age/sex/location Mean Mug
50%
Pho Night Drive
50%
Revenge of the Dreamers II Backseat
44%
age/sex/location Blocking You
44%
age/sex/location Leak It
44%
age/sex/location Outside
44%
Single #3 Pedigree
44%
Shea Butter Baby Speak to Me
44%
Shea Butter Baby Up Late
44%
Pho GOAT
39%
Single #2 Grampa
39%
Away Message Gummy
39%
Shea Butter Baby Pop
39%
Single 40 Shades of Choke
33%
Pho Backwood
33%
Shea Butter Baby (Remix EP) BMO (Remix)
33%
Revenge of the Dreamers III Bussit
33%
Pho Cold Outside
33%
Shea Butter Baby (Remix EP) I Been (Remix)
33%
Single #4 No One
33%
Away Message Bitter
28%
Shea Butter Baby (Remix EP) Facetime (Remix)
28%
Single #7 Grounded
28%
Ariography La La La La
28%
Away Message Tatted
28%
Pho Yuengling
28%
Single #6 Chocolate Pomegranate
22%
Single #8 Set Him Up
22%
Revenge of the Dreamers III Got Me
17%
Single #5 If You Want Me to Stay
17%
Away Message No Setting
17%
D-Day: A Gangsta Grillz Mixtape Blackberry Sap
11%
Ariography Cascade
11%
Five Finger Discount Cliche R&B Joint with Auto Tune
11%
D-Day: A Gangsta Grillz Mixtape Coming Down
11%
Creed III: The Soundtrack Greater
11%
Five Finger Discount I Know
11%
Ariography Inhale Me
11%
Ariography Intro (The Hate)
11%
Five Finger Discount Knocking
11%
Ariography Magic
11%
Five Finger Discount Moving
11%
Ariography Mumbles
11%
Five Finger Discount Music Industry Agitation Song
11%
Ariography Outro
11%
Five Finger Discount Precious Flower, Cliche Country Joint
11%
Five Finger Discount Random Heartbreaks
11%
Revenge of the Dreamers III Self Love
11%
Creed III: The Soundtrack Talk to Me
11%
Five Finger Discount The Way You Is (Accept Your Pretty Big Nostrils Song)
11%
Five Finger Discount Tie Me Down and Take Me to Isley Street
11%
Five Finger Discount You're in My Cup
11%
Revenge of the Dreamers III Passcode
6%
Revenge of the Dreamers III Revenge
6%
No matching quizzes found
Score Distribution
Percent of People with Each Score
Percentile by Number Answered
Your Score History
You have not taken this quiz since the last reset